000
00282nam a22001337a 4500
008
170516b xxu||||| |||| 00| 0 eng d
020
_a
9781841953571
041
_a
eng
080
_a
94
100
_a
16
101
_a
SHH
245
_a
RISING TIDES
_c
SPOWERS , R
942
_2
udc
_c
BK
999
_c
13372
_d
13372